000 00772nam a22002297a 4500
003 OSt
005 20250820025603.0
008 250820b |||||||| |||| 00| 0 eng d
020 _a978-981-48-4430-7
040 _aDWC-Main Lib
_cOC
082 _aCirc. 001.642 H991d 2019
100 _aHwang, Enoch O.
245 _aDigital logic and microprocessor design with interfacing/
_cEnoch O. Hwang
250 _a2nd edition
260 _aAustralia :
_bCengage Learning,
_cc2019.
300 _axxi, 583 pages :
_billustrations ;
_c21cm.
504 _aIncludes index.
650 _a1. Digital integral circuit design.
650 _a2. Logic circuits design and construction.
650 _a3. Logic design-- Data processing
942 _2ddc
_cBK-CIRC
_e2nd edition
_kCirc.
_n0
999 _c4100
_d4100